[Event "Villa Yayabo tt"]
[Site "Sancti Spiritus"]
[Date "2018.06.09"]
[Round "8.3"]
[White "Garcia Machado, Maikel Daniel"]
[Black "Hernandez Yero, Fernando"]
[Result "1/2-1/2"]
[WhiteElo "1639"]
[BlackElo "1749"]
[PlyCount "45"]
[EventDate "2018.06.04"]
[EventType "team-tourn"]
[EventRounds "10"]
[EventCountry "CUB"]
[SourceTitle "EXT 2021"]
[Source "ChessBase"]
[SourceDate "2020.10.23"]
[SourceVersion "1"]
[SourceVersionDate "2020.10.23"]
[SourceQuality "1"]

1. d4 Nf6 2. Nf3 d5 3. Bg5 e6 4. e3 Be7 5. Nbd2 Nbd7 6. Bd3 0-0 7. 0-0 b6 8. Ne5 Bb7 9. Qf3 Nxe5 10. dxe5 Ne4 11. Bxe7 Qxe7 12. Nxe4 dxe4 13. Bxe4 Bxe4 14. Qxe4 Rfd8 15. Rad1 Rxd1 16. Qxa8+ Qd8 17. Qxd8+ Rxd8 18. f4 Rd2 19. Rf2 Rd1+ 20. Rf1 Rd2 21. Rf2 Rd1+ 22. Rf1 Rd2 23. Rf2 1/2-1/2

[Event "Tomas Aguilera Angelino Memorial"]
[Site "Ciego de Avila"]
[Date "2018.04.10"]
[Round "9"]
[White "Ulloa Rey, Luis Ernesto"]
[Black "Garcia Machado, Maikel Daniel"]
[Result "1-0"]
[WhiteElo "1806"]
[BlackElo "1872"]
[PlyCount "57"]
[EventDate "2018.04.05"]
[EventType "swiss"]
[EventRounds "9"]
[EventCountry "CUB"]
[SourceTitle "EXT 2021"]
[Source "ChessBase"]
[SourceDate "2020.10.23"]
[SourceVersion "1"]
[SourceVersionDate "2020.10.23"]
[SourceQuality "1"]

1. d4 d5 2. Nf3 e6 3. e3 Bd6 4. b3 Nd7 5. Bb2 f5 6. Nbd2 Ngf6 7. Ne5 0-0 8. Bd3 b6 9. 0-0 c5 10. f4 Ne4 11. Nxe4 fxe4 12. Bb5 a6 13. Bxd7 Bxd7 14. Qg4 cxd4 15. Bxd4 Bxe5 16. Bxe5 Qe7 17. Rad1 Rf5 18. c4 dxc4 19. bxc4 Be8 20. Rd6 Bh5 21. Qg3 Be2 22. Re1 Bxc4 23. Red1 Bd3 24. Rxe6 Qf7 25. Rxb6 g6 26. Rc1 Qd5 27. Rxg6+ Kf8 28. Rg7 Bc4 29. Rxh7 1-0

[Event "Tomas Aguilera Angelino Memorial"]
[Site "Ciego de Avila"]
[Date "2018.04.08"]
[Round "6"]
[White "Hidalgo Zayas, Pedro Ernesto"]
[Black "Garcia Machado, Maikel Daniel"]
[Result "1-0"]
[WhiteElo "1873"]
[BlackElo "1872"]
[PlyCount "59"]
[EventDate "2018.04.05"]
[EventType "swiss"]
[EventRounds "9"]
[EventCountry "CUB"]
[SourceTitle "EXT 2021"]
[Source "ChessBase"]
[SourceDate "2020.10.23"]
[SourceVersion "1"]
[SourceVersionDate "2020.10.23"]
[SourceQuality "1"]

1. e4 c5 2. Nf3 d6 3. d4 cxd4 4. Nxd4 Nc6 5. Nc3 g6 6. Be3 Bg7 7. Bc4 Nf6 8. f3 Qa5 9. Qd2 Qb4 10. Bb3 Nxe4 11. Nxc6 Qxc3 12. Qxc3 Nxc3 13. Nxa7 Bd7 14. bxc3 Bxc3+ 15. Kf2 Bxa1 16. Rxa1 0-0 17. Rd1 Rfb8 18. Bb6 h5 19. h4 Kg7 20. a4 f6 21. Nb5 Rc8 22. Nc7 Rxc7 23. Bxc7 Bxa4 24. Ra1 Rc8 25. Rxa4 Rxc7 26. Rc4 Rxc4 27. Bxc4 g5 28. Kg3 b6 29. f4 g4 30. f5 1-0

[Event "Tomas Aguilera Angelino Memorial"]
[Site "Ciego de Avila"]
[Date "2018.04.05"]
[Round "1"]
[White "Garcia Machado, Maikel Daniel"]
[Black "Gallar Tamayo, Abel"]
[Result "0-1"]
[WhiteElo "1872"]
[BlackElo "2150"]
[PlyCount "66"]
[EventDate "2018.04.05"]
[EventType "swiss"]
[EventRounds "9"]
[EventCountry "CUB"]
[SourceTitle "EXT 2021"]
[Source "ChessBase"]
[SourceDate "2020.10.23"]
[SourceVersion "1"]
[SourceVersionDate "2020.10.23"]
[SourceQuality "1"]

1. d4 d5 2. e3 e6 3. Bd3 Nf6 4. Nd2 Be7 5. Ngf3 0-0 6. 0-0 b6 7. b3 Bb7 8. Bb2 Ne4 9. Ne5 f6 10. Nef3 Nd7 11. c4 Rc8 12. Qc2 f5 13. cxd5 exd5 14. Ne5 c5 15. dxc5 Ndxc5 16. Qd1 Nxd3 17. Nxd3 Ba6 18. Nf3 Nc3 19. Qd2 Bf6 20. Nd4 Ne4 21. Qd1 Nc5 22. Nxc5 bxc5 23. Ne6 Qd6 24. Nxf8 Bxb2 25. Rb1 Bxf1 26. Rxb2 Ba6 27. Nxh7 Kxh7 28. Qh5+ Kg8 29. Qxf5 Rd8 30. Rd2 d4 31. exd4 cxd4 32. h4 d3 33. Qh5 Re8 0-1

[Event "Santa Clara Salado Cup"]
[Site "Santa Clara"]
[Date "2018.04.01"]
[Round "6"]
[White "Garcia Machado, Maikel Daniel"]
[Black "Gandia Munoz, Pedro Julio"]
[Result "0-1"]
[WhiteElo "1872"]
[BlackElo "1817"]
[PlyCount "120"]
[EventDate "2018.03.29"]
[EventType "swiss"]
[EventRounds "7"]
[EventCountry "CUB"]
[SourceTitle "EXT 2021"]
[Source "ChessBase"]
[SourceDate "2020.10.23"]
[SourceVersion "1"]
[SourceVersionDate "2020.10.23"]
[SourceQuality "1"]

1. d4 Nf6 2. e3 d5 3. Bd3 Nbd7 4. Nd2 c5 5. c3 e6 6. Ngf3 Bd6 7. 0-0 0-0 8. Re1 cxd4 9. cxd4 b6 10. e4 dxe4 11. Nxe4 Nxe4 12. Bxe4 Rb8 13. Bxh7+ Kxh7 14. Ng5+ Kg8 15. Qh5 Nf6 16. Qh4 Re8 17. Bf4 Bxf4 18. Qxf4 Rb7 19. Re3 Nd5 20. Qh4 Nxe3 21. Qh7+ Kf8 22. Qh8+ Ke7 23. Qxg7 Rf8 24. fxe3 Qe8 25. Rf1 Kd8 26. Qe5 Qe7 27. Nh7 Rg8 28. Nf6 Rg6 29. h4 Qf8 30. h5 Rh6 31. Qg5 Kc7 32. Qe5+ Kd8 33. Qg5 Kc7 34. Qe5+ Kd8 35. Qg5 Re7 36. Ng8 Rxh5 37. Qxh5 Qxg8 38. Qe5 Rc7 39. Qf6+ Ke8 40. Qe5 Rc2 41. Qe4 Rc7 42. Qe5 Rc2 43. Rf2 Rc1+ 44. Rf1 Rxf1+ 45. Kxf1 Qh7 46. Qb5+ Bd7 47. Qb3 Qf5+ 48. Kg1 Bc6 49. Qc3 Qd5 50. Qc2 Qe4 51. Qxe4 Bxe4 52. g3 f5 53. Kh2 Kf7 54. Kh3 Kg6 55. g4 Kg5 56. gxf5 Kxf5 57. Kh4 Bb1 58. a3 Ke4 59. Kg5 Kxe3 60. Kf6 Ba2 0-1

[Event "Santa Clara Salado Cup"]
[Site "Santa Clara"]
[Date "2018.03.31"]
[Round "4"]
[White "Cabrales Santos, Guzman"]
[Black "Garcia Machado, Maikel Daniel"]
[Result "1-0"]
[WhiteElo "1549"]
[BlackElo "1872"]
[PlyCount "63"]
[EventDate "2018.03.29"]
[EventType "swiss"]
[EventRounds "7"]
[EventCountry "CUB"]
[SourceTitle "EXT 2021"]
[Source "ChessBase"]
[SourceDate "2020.10.23"]
[SourceVersion "1"]
[SourceVersionDate "2020.10.23"]
[SourceQuality "1"]

1. d4 e6 2. c4 Nf6 3. Nf3 Bb4+ 4. Bd2 Bxd2+ 5. Nbxd2 0-0 6. e3 b6 7. Bd3 Bb7 8. 0-0 d6 9. Qc2 c5 10. Ne4 h6 11. Rfd1 Qe7 12. Nxf6+ Qxf6 13. Be4 Bxe4 14. Qxe4 Na6 15. Qb7 Nb4 16. a3 Rfb8 17. Qd7 Na6 18. Qxd6 cxd4 19. exd4 Rd8 20. Qe5 Qg6 21. b4 Qc2 22. Rdc1 Qd3 23. Qe3 Qf5 24. c5 bxc5 25. dxc5 Rac8 26. Rd1 Rxd1+ 27. Rxd1 Qc2 28. Qd3 Qa4 29. Qd7 Rc6 30. Ne5 Nb8 31. Qxf7+ Kh7 32. Qg6+ 1-0

[Event "Santa Clara Salado Cup"]
[Site "Santa Clara"]
[Date "2018.03.30"]
[Round "2"]
[White "Tanda Pretel, Rafael Antonio"]
[Black "Garcia Machado, Maikel Daniel"]
[Result "1/2-1/2"]
[WhiteElo "1747"]
[BlackElo "1872"]
[PlyCount "58"]
[EventDate "2018.03.29"]
[EventType "swiss"]
[EventRounds "7"]
[EventCountry "CUB"]
[SourceTitle "EXT 2021"]
[Source "ChessBase"]
[SourceDate "2020.10.23"]
[SourceVersion "1"]
[SourceVersionDate "2020.10.23"]
[SourceQuality "1"]

1. e4 c5 2. Nf3 Nc6 3. d3 g6 4. g3 Bg7 5. Bg2 d6 6. 0-0 Nf6 7. Re1 0-0 8. c3 Qb6 9. Nbd2 Bg4 10. h3 Bxf3 11. Nxf3 Nd7 12. Qe2 Nde5 13. Nxe5 Nxe5 14. f4 Nc6 15. Kh1 e6 16. Be3 Qc7 17. Rf1 Ne7 18. Rae1 d5 19. Bc1 dxe4 20. dxe4 Rad8 21. g4 e5 22. f5 f6 23. Be3 b6 24. h4 Qd7 25. Rd1 Qa4 26. b3 Qe8 27. Rxd8 Qxd8 28. Rd1 Qc8 29. Qd3 Nc6 1/2-1/2